Pope John XXIII, shepherd of the modern world / (Record no. 514)

000 -LEADER
fixed length control field 01150nam a22003497a 4500
001 - CONTROL NUMBER
control field 4225097
003 - CONTROL NUMBER IDENTIFIER
control field OSt
005 - DATE AND TIME OF LATEST TRANSACTION
control field 20210420072109.0
008 - FIXED-LENGTH DATA ELEMENTS--GENERAL INFORMATION
fixed length control field 840907r1985 nyuaf b 001 0beng
010 ## - LIBRARY OF CONGRESS CONTROL NUMBER
LC control number 82045483
020 ## - INTERNATIONAL STANDARD BOOK NUMBER
International Standard Book Number 0385172982 :
040 ## - CATALOGING SOURCE
Original cataloging agency eng
Transcribing agency DLC
Modifying agency eng
050 00 - LIBRARY OF CONGRESS CALL NUMBER
Classification number BX1378.2
Item number .H34 1985
080 ## - UNIVERSAL DECIMAL CLASSIFICATION NUMBER
Universal Decimal Classification number 92
Item number H-46
082 00 - DEWEY DECIMAL CLASSIFICATION NUMBER
Classification number 282/.092/4
-- B
Edition number 19
100 1# - MAIN ENTRY--PERSONAL NAME
Personal name Hebblethwaite, Peter.
240 10 - UNIFORM TITLE
Uniform title John XXIII, pope of the council
245 10 - TITLE STATEMENT
Title Pope John XXIII, shepherd of the modern world /
Statement of responsibility, etc. Peter Hebblethwaite.
260 ## - PUBLICATION, DISTRIBUTION, ETC.
Place of publication, distribution, etc. Garden City, N.Y. :
Name of publisher, distributor, etc. Doubleday,
Date of publication, distribution, etc. 1985.
300 ## - PHYSICAL DESCRIPTION
Extent 550 p., [16] p. of plates :
Other physical details ill. ;
Dimensions 24 cm.
365 ## - TRADE PRICE
Price amount 19.95 usd
500 ## - GENERAL NOTE
General note Originally published in England under title: John XXIII, pope of the council.
500 ## - GENERAL NOTE
General note Includes index.
504 ## - BIBLIOGRAPHY, ETC. NOTE
Bibliography, etc. note Bibliography: p. [505]-[522]
600 00 - SUBJECT ADDED ENTRY--PERSONAL NAME
Personal name John
Numeration XXIII,
Titles and other words associated with a name Pope,
Dates associated with a name 1881-1963.
650 #0 - SUBJECT ADDED ENTRY--TOPICAL TERM
Topical term or geographic name entry element Popes
General subdivision Biography.
653 ## - INDEX TERM--UNCONTROLLED
Uncontrolled term ბიოგრაფია
653 ## - INDEX TERM--UNCONTROLLED
Uncontrolled term რომის პაპი
740 0# - ADDED ENTRY--UNCONTROLLED RELATED/ANALYTICAL TITLE
Uncontrolled related/analytical title Pope John 23rd, shepherd of the modern world.
906 ## - LOCAL DATA ELEMENT F, LDF (RLIN)
a 7
b cbc
c orignew
d 1
e ocip
f 19
g y-gencatlg
942 ## - ADDED ENTRY ELEMENTS (KOHA)
Source of classification or shelving scheme
Koha item type Books
Holdings
Withdrawn status Lost status Source of classification or shelving scheme Damaged status Not for loan Permanent location Current location Date acquired Inventory number Total Checkouts Full call number Barcode Date last seen Price effective from Koha item type
          Ken Walker International University Ken Walker International University 12/02/2020 199   92 H-46 199 12/02/2020 12/02/2020 Books

Powered by Koha